000 00773nas a2200277 4500
001 BR0104450
003 BR-BrBNA
005 20231205102547.0
007 ta
008 230509b bl.|||p| |||| 00| 00por d
040 _aBR-BrBNA
_bpor
_cBiblioteca Nacional de Agricultura
041 _a(Pt)
072 _aT01; P40
100 1 _aLima, M.A. de
245 1 _aEmissao de gases de efeito estufa
650 _aEfeito Estufa
650 _aGas
650 _aAgricultura
650 _aArroz Irrigado
650 _aQueimada
650 _aBiomassa
650 _aPecuaria
773 0 _tBiotecnologia Ciencia e Desenvolvimento (Brazil)
_xISSN 1414-4522
_g(Nov-Dec 2000), v. 3(17) p. 38-43
_wBR0104450
909 _a202311
_bLúcia
_c55
_dLúcia Elande
942 _2AGRIS
_n0
_cANA
999 _c168166
_d168166